000 00635nam a2200217Ia 4500
003 IN-BaIIA
008 211028s9999 xx 000 0 eng d
020 _a0-521-35062-X
040 _cIIA Library
080 _a082.2:52
_bIAU-C101
100 _aRoger, R. S.
_915853
245 0 _aSupernova remnants and the interstellar medium
_c R. S. Roger
260 _aCambridge
_bCambridge University Press
_c1988
300 _ax, 540p.
490 _aIAU Colloquium no.101
650 _aAstronomy and Astrophysics thesaurus
650 _aInterstellar matter
_91189
650 _aRemnants
_915854
650 _aSupernova
_915816
942 _cBK
999 _c9419
_d9419